000 00657nam a22002417a 4500
999 _c42922
_d42922
001 13998
003 CO-MdFUSB
005 20180622073151.0
008 180417t1989 sz ||||| |||| 00| 0 spa d
020 _a2-88208-013-1
040 _aCO-MdFUSB
_bspa
_cCO-MdFUSB
_dCO-MdFUSBC
_erda
041 0 _aspa
_hfre
082 0 4 _aG 227.83 R833t
100 1 _aRossier, H.
_eautor
245 0 _aEstudios sobre las epístolas a Timoteo
_c / H. Rossier
250 _a3
264 4 _aSuiza :
_b Perroy,
_c©1989
300 _a172 Pág.
336 _2rdacontent
_atexto
_btxt
337 _2rdamedia
_asin mediación
_bn
338 _2rdacarrier
_avolumen
_bnc
942 _cBK